Logo CIB grande

QUIMICA GENERAL SUPERIOR (Registro nro. 211078)

Detalles MARC
000 -LEADER
campo de control de longitud fija 00958nam a2200289Ia 4500
005 - FECHA Y HORA DE LA ÚLTIMA TRANSACCIÓN
campo de control 20250425161530.0
008 - DATOS DE LONGITUD FIJA--INFORMACIÓN GENERAL
campo de control de longitud fija 250425s9999 xx 000 0 und d
020 ## - NÚMERO INTERNACIONAL ESTÁNDAR DEL LIBRO
Número Internacional Estándar del Libro 9684225067
041 ## - CÓDIGO DE IDIOMA
Código de lengua del texto/banda sonora o título independiente spa
082 ## - NÚMERO DE LA CLASIFICACIÓN DECIMAL DEWEY
Número de clasificación 540
010 ## - NÚMERO DE CONTROL DE LA BIBLIOTECA DEL CONGRESO
Número de control de LC 22422
100 ## - ENTRADA PRINCIPAL--NOMBRE DE PERSONA
Nombre de persona MASTERTON, WILLIAM L.
245 #0 - MENCIÓN DEL TÍTULO
Título QUIMICA GENERAL SUPERIOR
250 ## - MENCION DE EDICION
Mención de edición 6A ED.
260 ## - PUBLICACIÓN, DISTRIBUCIÓN, ETC.
Lugar de publicación, distribución, etc. MEXICO
260 ## - PUBLICACIÓN, DISTRIBUCIÓN, ETC.
Lugar de publicación, distribución, etc. México
Nombre del editor, distribuidor, etc. MCGRAW-HILL
Fecha de publicación, distribución, etc. 1989
300 ## - DESCRIPCIÓN FÍSICA
Extensión 803
500 ## - NOTA GENERAL
Nota general Título Traducido: CHEMICAL PRINCIPLES
520 ## - RESUMEN, ETC.
Sumario, etc. EL LIBRO ESTA ORIENTADO A LA FIJACION DE LOS PRINCIPIOS DE QUIMICA GENERAL, ADEMAS COMPRENDE IDEAS DE ESTEQUIOMETRIA, ENLACE QUIMICO, CINETICA, TERMOQUIMICA, Y EQUILIBRIO QUIMICO, EXPRESADOS DE MANERA CLARA, USANDO UN LENGUAJE SIMPLE Y EJEMPLOS CLA
650 ## - PUNTO DE ACCESO ADICIONAL DE MATERIA--TÉRMINO DE MATERIA
Término de materia o nombre geográfico como elemento de entrada ENLACES QUIMICOS
650 ## - PUNTO DE ACCESO ADICIONAL DE MATERIA--TÉRMINO DE MATERIA
Término de materia o nombre geográfico como elemento de entrada EQUILIBRIO QUIMICO
650 ## - PUNTO DE ACCESO ADICIONAL DE MATERIA--TÉRMINO DE MATERIA
Término de materia o nombre geográfico como elemento de entrada QUIMICA
650 ## - PUNTO DE ACCESO ADICIONAL DE MATERIA--TÉRMINO DE MATERIA
Término de materia o nombre geográfico como elemento de entrada TERMOQUIMICA
700 ## - ENTRADA AGREGADA--NOMBRE PERSONAL
Nombre de persona SLOWINSKI, EMIL J.
700 ## - ENTRADA AGREGADA--NOMBRE PERSONAL
Nombre de persona STANITSKI, CONRAD L.
942 ## - ELEMENTOS DE ENTRADA SECUNDARIOS (KOHA)
Tipo de ítem Koha Libros
Existencias
Estatus retirado Estado de pérdida Estado de daño No para préstamo Biblioteca de origen Biblioteca actual Ubicación en estantería Fecha de adquisición Coste, precio normal de compra Etiqueta RFID Total de préstamos Código de barras Copia número Tipo de ítem Koha
        CENTRO DE INFORMACIÓN BIBLIOTECARIA CENTRO DE INFORMACIÓN BIBLIOTECARIA   04/06/2003 1.00 0000000000000000010854   26789 1 Libros
        CENTRO DE INFORMACIÓN BIBLIOTECARIA CENTRO DE INFORMACIÓN BIBLIOTECARIA   15/02/2001 1.00 0000000000000000010862   27414 5 Libros
        CENTRO DE INFORMACIÓN BIBLIOTECARIA CENTRO DE INFORMACIÓN BIBLIOTECARIA   13/05/2012 5.00 0000000000000000034415   D-93243 12 Libros
        FACULTAD DE INGENIERIA MECANICA Y CIENCIAS DE LA PRODUCCION FACULTAD DE INGENIERIA MECANICA Y CIENCIAS DE LA PRODUCCION   02/12/2003 10.00     D-30459 10  

Copyright 2025 ESPOL. Todos los derechos reservados.